000
00318nam a2200133Ia 4500
008
240624s9999 xx 000 0 und d
041
_a
eng
082
_a
823 BEN
100
_a
BENNETT ALAN
245
_a
FOUR STORIES
260
_c
2007
_a
London
_b
Profile Books Ltd.
300
_a
282 : p. : cm. ; 19
365
_c
RS
_b
33
999
_c
11629
_d
11629